Toronto General Knowledge - Statistics

General Stats
  • This quiz has been taken 97 times
  • The average score is 11 of 15
Answer Stats
Hint Answer % Correct
Tallest building in the city CN Tower
97%
Toronto-born rapper who coined the term the 6ix Drake
92%
Lake on which Toronto lies Lake Ontario
91%
Mayor from 2010-2014 who's brother is the premier of Ontario Rob Ford
91%
Prime minister whom the airport is named after Lester B. Pearson
89%
Name of Toronto when it was founded York
89%
Highest-ranked university in Toronto University of Toronto
80%
Airport code of Toronto's main airport YYZ
77%
Arena where the Raptors and Maple Leafs sports teams play Scotiabank Arena
72%
Largest enclosed shopping center in Toronto Eaton Centre
70%
Current mayor of Toronto John Tory
67%
Time zone Toronto is located in Eastern Standard Time
66%
The Handmaid's Tale novelist born in Toronto Margaret Atwood
49%
100km long river to the west of Toronto Humber River
36%
Height of that building (m or ft) 553 m (1814 ft)
16%
No matching quizzes found
Score Distribution
Percent of People with Each Score
Percentile by Number Answered
Your Score History
You have not taken this quiz